000 00449nam a22001457a 4500
005 20251209131136.0
008 251209b |||||||| |||| 00| 0 eng d
020 _a9780316592703
082 _aDFic B561 2023
100 _aBlack, Holly.
_969427
245 _aThe stolen heir :
_ba novel of elfhame /
_cHolly Black.
260 _aNew York :
_bLittle, Brown and Company.
_c©2023.
300 _a356 pages :
_billustrations ;
_c24 cm.
942 _2ddc
_cDFIC
999 _c24225
_d24225